000 00421nam a2200181Ia 4500
005 20240823005112.0
008 240823s9999||||xx |||||||||||||| ||und||
041 _aENGLISH
082 _A4
100 _aLotus Corporation
245 0 _a"1,2,3 Report Writer"
250 _a1st
260 _bLotus
_aNew Dehi -02
500 _aTransfered
650 _aLotus
_bComputer Applications
942 _cBK
999 _c154746
_d154746